000 nam a22 a 4500
999 _c186906
_d186906
003 BLK
005 20220624130545.0
008 180411b bul|||||r ||||||| ||bul||
010 _aKNG00195902000
040 _aBLK
041 _aBUL
_cBUL
080 _aРуска литература
_b821.161.1
_x-293.7
_z821.161.1-293.7
080 _aЛитература на отделни езици и езикови семейства
_b821
_x-293.7
_z821-293.7
139 _aИзбрани сценарии на световното кино. 1968
245 1 0 _aИзбрани сценарии на световното кино. 1968
_cСъстав. Емил Томов Петров.
257 _aSB
260 _aСофия
_bНаука и изкуство
_c1969
_9209548
_n978-954-02-
300 _a423 с., 16 л.
_bил.
_c20 см
380 _aX
500 _aКн. съдържа : Валентин Ежов и Григорий Чухрай / Балада за войника ; Тадеуш Конвицки и Ежи Кавалерович / Игуменката Йоана ; Бед Шулбърг / Лице в тълпата ; Клод Льолуш / Един мъж и една жена ; Л. Берланга, Р. Аскона, Е. Флайано / Палачът. - 7 090 тир.
700 1 _aПетров, Емил Томов
_eсъстав.
_9376330
852 _aЦб 49261
_bЦб
856 4 _qpdf
856 4 _qpdf
942 _cKNG
_n0
_s1
944 _aCR
_c14.11.2016
_lф /
_kПравда_Бадева
944 _aED
_c2022-06-24
_kКети
999 _d186906
999 _d186906